00659nam a2200241 a 4500001001300000003000900013005001700022008004100039020001200080082001600092100001700108245004200125260002600167300000900193500003500202505001000237650002200247700001700269902000800286942000700294952009900301999001700400nice12345678IN_TiNIC20260116015300.0050524s1992 gena grp 000 0 eng  ac305.200a261.72bKOS aKoshy, Ninan aReligious Freedom in a Changing World aGenevabWCC Pubc1992 a115p aincludes index and biblioraphy2 aIndex aReligious Liberty1 aKoshy, Ninan bSRS cBK 00104070aHMIbHMId2007-07-16g305.20l0o261.72 KOSp11000841r2026-01-16w2026-01-16yBK c19060d19060